"Дело" московской публички: Документальные фрагменты истории; Библиотечное дело; № 10

Detaylı Bibliyografya
Parent link:Библиотечное дело: ежемесячный журнал.— , 2003-
№ 10.— 2003.— С. 28-30
Yazar: Зверева И. С. Ирина Сергеевна
Dil:Rusça
Baskı/Yayın Bilgisi: 2003
Seri Bilgileri:Библиотеки мира: РГБ
Konular:
Materyal Türü: MixedMaterials Kitap Bölümü
KOHA link:https://koha.lib.tpu.ru/cgi-bin/koha/opac-detail.pl?biblionumber=400363

MARC

LEADER 00000naa2a2200000 4500
001 400363
005 20231101065401.0
035 |a (RuTPU)RU\TPU\prd\42642 
035 |a RU\TPU\prd\42641 
090 |a 400363 
100 |a 20060411a2003 k y0rusy50 ca 
101 0 |a rus 
102 |a RU 
200 1 |a "Дело" московской публички  |e Документальные фрагменты истории  |f И. С. Зверева 
225 1 |a Библиотеки мира: РГБ 
461 0 |0 (RuTPU)RU\TPU\prd\12643  |t Библиотечное дело  |o ежемесячный журнал  |d 2003- 
463 0 |0 (RuTPU)RU\TPU\prd\20634  |t № 10  |v С. 28-30  |d 2003 
610 1 |a Российская государственная библиотека 
610 1 |a РГБ 
610 1 |a национальные библиотеки мира 
610 1 |a история 
610 1 |a фрагменты 
700 1 |a Зверева  |b И. С.  |g Ирина Сергеевна 
801 1 |a RU  |b 63413507  |c 20050421  |g PSBO 
801 2 |a RU  |b 63413507  |c 20060411  |g PSBO 
942 |c BK